Italian brainrots quiz 1 - Statistics

General Stats
  • This quiz has been taken 43 times
  • The average score is 6 of 16
Answer Stats
Hint Answer % Correct
An anthropomorphic wood chunk with an baseball bat that only appears at night
Tung Tung Tung Sahur
100%
An anthropomorphic three-legged shark with Nike shoes on the coast Tralalero Tralala
83%
A Massive Monkey-like creature with tree hair and large feet on a forest Brr Brr Patapim
65%
An dancing woman with a cappuccino cup head Ballerina Capuccina
61%
A cat that has his body shaped like a shrimp on the ocean Trippi Troppi
52%
A huge elephant on a desert with a cactus body and a clock Lirilì Larilà
39%
Like Tung Tung Tung Sahur, this brainrot ends with Sahur, but is completely different, instead is a human teapot Ta Ta Ta Ta Ta Sahur
39%
An Indonesian frog with a tire body and human legs on a rural town Boneca Ambalabu
26%
An anthropomorphic camel that has a fridge on the city center Frigo Camelo
26%
A penguin on a desert that drinks a frappe with an antenna Frulli Frulla
26%
A Giraffe that is on the Moon with a space helmet and watermelon shaped body Giraffa Celeste
26%
A cow with a body shaped like Saturn and with human feet La Vaca Saturno Saturnita
26%
An anthropomorphic capybara that told he is a gangster with brown clothes and a gun Bobrito Bandito
17%
A Monkey on a forest with a banana body Chimpazini Bananini
17%
An Crocodile on a military plane that holds a nuke on a string Bombardiro Crocodrilo
0%
A coconut capybara on a beach in Indonesia Borbaloni luliloli
0%
No matching quizzes found
Score Distribution
Percent of People with Each Score
Percentile by Number Answered
Your Score History
You have not taken this quiz